000 00784nam a22002777a 4500
001 BR6007775
003 BR-BrBNA
005 20230928083305.0
007 ta
008 230509b bl.||||| |||| 00| 0 por d
040 _aBR-BrBNA
_bpor
_cBiblioteca Nacional de Agricultura
041 _a(Por)
072 _aF00
_b0110
_b/G514
090 _ 0110 BR6007775
100 1 _aSoldateli, D.
110 1 _aAssociacao de Credito e Assistencia Rural de Santa Catarina, Florianopolis (Brasil)
245 1 _aA cultura da cevada [Santa Catarina, Brasil]
260 3 _aFlorianopolis, SC (Brasil):
_c1977.
300 _a31 p.
500 _a12 ref.
650 _aCEVADA
650 _aPRATICA CULTURAL
650 _aSANTA CATARINA
909 _a202309
_bLucia
_c55
_dLucia Elande
942 _cBK
999 _c12617
_d12617